000
00340nam a22001337a 4500
008
200220b ||||| |||| 00| 0 eng d
020
_a
9789380016658
082
_a
005.43 WAD
100
_a
WALIA, Ekta
245
_a
Operating System Concepts
250
_a
2nd
_b
2019
260
_a
New Delhi
_b
Khanna Book Publishing Co. (P) Ltd.
999
_c
8504
_d
8504